Culture and styles of academic discourse

Saved in:
Bibliografiske detaljer
Hovedforfatter: Duszak, Anna (Author)
Format: Bog
Sprog:engelsk
Udgivet: Berlín Walter de Gruyter 1997
Serier:Trends in Linguistics. Studies and Monographs, 104
Fag:
Tags: Tilføj Tag
Ingen Tags, Vær først til at tagge denne postø!

MARC

LEADER 00000nam a2200000 a 4500
001 UCJ0406
003 CL-VaPUC
008 060804e19970000GW |||||||||||||||||eng|d
020 |a 3110152495 
082 0 4 |a 401.43  |b DUS  |2 21 
100 0 |a Duszak, Anna  |e author  |9 500591 
245 1 0 |a Culture and styles of academic discourse 
300 |a 362 p 
942 |c BK 
945 |d 20060804 00:00:00  |a cmena 
260 |a Berlín  |b Walter de Gruyter  |c 1997 
650 0 |a Análisis del discurso  |9 256696 
650 0 |a Sociolingüística  |9 263716 
650 7 |a RETORICA DEL INGLES  |2 CL-VaPUC  |9 485974 
650 0 |a Redacción técnica  |9 259855 
583 |a last modification  |c 20130305 04:44:50  |k Rodrigo Vera 
490 0 |a Trends in Linguistics. Studies and Monographs, 104 
999 |c 317262  |d 317260 
952 |0 0  |1 0  |4 0  |6 401_430000000000000_DUS_1997  |7 0  |8 A  |9 393320  |a FDOPOS  |b FDOPOS  |d 2019-11-22  |i 4259106  |o 401.43 DUS 1997  |p 4259106  |r 2025-01-22  |w 2019-11-22  |y BK  |k MLA